| 000 | 00315nam a22000977a 4500 | ||
|---|---|---|---|
| 999 |
_c17270 _d17270 |
||
| 008 | 220912b ||||| |||| 00| 0 eng d | ||
| 050 |
_aDFil 570 _b B52 |
||
| 245 |
_aBiology for non-science majors/ _cJovita G. Reyes [and four others] |
||
| 260 |
_aManila, Philippines: _bRex Book Store, _c1983. |
||
| 500 | _3Includes index. | ||